| Tag |
First Indicator |
Second Indicator |
Subfields |
| LEADER |
00000cam a2200000 a 4500 |
| 001 |
in00000011134 |
| 005 |
20151007052007.0 |
| 008 |
880311s1840 fr af 00010 fre d |
| 035 |
|
|
|a (OCoLC)17616579
|
| 035 |
|
|
|9 AAA5805AM
|
| 040 |
|
|
|a TXA
|c TXA
|d UtOrBLW
|
| 049 |
|
|
|a TXAS
|c [A08598923]
|
| 050 |
|
4 |
|a TC160
|b .A79 1840
|
| 100 |
1 |
|
|a Aubuisson de Voissins, J. F. d'
|q (Jean François),
|d 1769-1841.
|
| 245 |
1 |
0 |
|a Traité d'hydraulique, a l'usage des ingénieurs /
|c par J.F. d'Aubuisson de Voisins.
|
| 250 |
|
|
|a 2nd ed.
|
| 264 |
|
1 |
|a Paris ;
|a Strasbourg :
|b Pitois-Levrault :
|b Levrault,
|c 1840.
|
| 300 |
|
|
|a xii, 646 pages, 2 unnumbered pages, v folded leaves of plates :
|b illustrations ;
|c 23 cm.
|
| 336 |
|
|
|a text
|b txt
|2 rdacontent
|
| 337 |
|
|
|a unmediated
|b n
|2 rdamedia
|
| 338 |
|
|
|a volume
|b nc
|2 rdacarrier
|
| 650 |
|
0 |
|a Hydraulics.
|
| 740 |
0 |
|
|a Traité d'hydraulique.
|
| 999 |
|
|
|a MARS
|
| 999 |
f |
f |
|s bf649f98-8664-3cab-8f1c-4f3a119ca342
|i f4394518-f2ea-3cba-9b9e-5274f5692622
|t 0
|
| 952 |
f |
f |
|p noncirc
|a Texas A&M University
|b College Station
|c Cushing Memorial Library & Archives
|d Cushing: Rare Books (Does not check out)
|t 0
|e TC160 .A79 1840
|h Library of Congress classification
|i unmediated -- volume
|m A14808598923
|
| 998 |
f |
f |
|a TC160 .A79 1840
|t 0
|l Cushing: Rare Books (Does not check out)
|